[Event "Julian Mazur Memorial"]
[Site "Wellington Chess Club"]
[Date "2023.09.15"]
[Round "9.4"]
[White "Ker, Anthony"]
[Black "Loke, Kayden"]
[Result "1/2-1/2"]
[WhiteElo "2399"]
[BlackElo "2045"]

1. e4 e5 2. d4 exd4 3. Nf3 Bb4+ 4. c3 dxc3 5. bxc3 Be7 6. Bc4 d6 7. Qb3 Nc6 8.
Bxf7+ Kf8 9. Bxg8 Rxg8 10. O-O Na5 11. Qd5 c6 12. Qh5 h6 13. Rd1 Be6 14. Ne5
dxe5 15. Rxd8+ Rxd8 16. Nd2 Bf7 17. Qf3 g5 18. Nf1 Rg6 19. Ne3 Bc5 20. h4 Bxe3
21. Bxe3 gxh4 22. Bxa7 Nc4 23. Bc5+ Kg7 24. Be7 Rd7 25. Bxh4 Be6 26. Rd1 Rf7
27. Qe2 Bg4 28. Qxc4 Bxd1 29. Bg3 Re7 30. Qd3 Bh5 31. Qd8 Rge6 32. Bh4 Rf7 33.
Qc8 Rg6 34. Qe8 Rxg2+ 35. Kxg2 Rxf2+ 36. Kxf2 Bxe8 37. a4 Kf7 38. a5 Ke6 39.
Ke3 Kd6 40. Bg3 Bh5 41. Kd3 Bg4 42. Ke3 h5 43. Kd3 Bf3 44. Ke3 Bd1 45. Kd2 Bb3
46. Kd3 Ba2 47. Ke3 Be6 48. Kd3 Bg4 49. Ke3 Bd7 50. Kd3 Bc8 51. Ke3 Bh3 52. Kd3
Be6 53. Ke3 Kc5 54. Bxe5 Kb5 55. Bc7 Kc4 56. Be5 h4 57. Kd2 Bf7 58. Bf6 h3 59.
Be5 Bg6 60. Ke3 Bh7 61. Kd2 Bxe4 62. Ke3 Bf5 63. Kf3 Kd5 64. Bh2 Be4+ 65. Ke3
Bg6 66. Bc7 Kc4 67. Kd2 Bf5 68. Bh2 Kd5 69. Ke3 Bc8 70. Bc7 Kc5 71. Bh2 Kc4 72.
Kd2 Kb3 73. Kd3 Bf5+ 74. Kd2 Ka4 75. Bc7 Kb5 76. Ke3 c5 77. Kd2 Kc4 78. Bh2 Kd5
79. Ke3 Bc8 80. Bc7 c4 81. Bh2 Kc5 82. Bc7 Kb5 83. Kd4 Be6 84. Ke3 Bg8 85. Kd4
Ka4 86. Ke3 Bf7 87. Kd2 Bd5 88. Ke3 Bc6 89. Kd2 Kb5 90. Ke3 Kc5 91. Bh2 Kd5 92.
Bc7 Ke6 93. Bh2 Bh1 94. Kd4 Bd5 95. Bb8 Bc6 96. Kxc4 Kf5 97. Kc5 Bh1 98. Kb6
Ke4 99. Kxb7 Kd3+ 100. Kb6 Kxc3 1/2-1/2

[Event "Julian Mazur Memorial"]
[Site "Wellington Chess Club"]
[Date "2023.09.15"]
[Round "9.5"]
[White "Langford, Josh"]
[Black "Jackson, Ross"]
[Result "1-0"]
[WhiteElo "2137"]
[BlackElo "1925"]

1. e4 c5 2. Nf3 d6 3. d4 cxd4 4. Nxd4 Nf6 5. Nc3 a6 6. f3 e6 7. Be3 Nc6 8. Qd2
Bd7 9. O-O-O b5 10. g4 Nxd4 11. Qxd4 Bc6 12. Be2 Qc7 13. Kb1 Qb7 14. g5 Nd7 15.
Ka1 a5 16. Rhe1 b4 17. Nb1 e5 18. Qd3 Nc5 19. Bxc5 dxc5 20. Nd2 Rd8 21. Qe3 Be7
22. Nc4 Rxd1+ 23. Rxd1 Qc7 24. h4 O-O 25. Kb1 a4 26. Qf2 Bb7 27. Qg3 Ba6 28.
Rd5 Bxc4 29. Bxc4 Rd8 30. Kc1 Rxd5 31. exd5 Bd6 32. Qg4 a3 33. b3 g6 34. h5 Qd8
35. Kd1 Be7 36. Qe4 Qd6 37. Qg4 Qd8 38. Ke2 Bxg5 39. d6 Kf8 40. hxg6 hxg6 41.
Qg1 Bf4 42. Qxc5 e4 43. d7+ Kg7 44. Qd4+ Kf8 45. Qd5 exf3+ 46. Kxf3 1-0

[Event "Julian Mazur Memorial"]
[Site "Wellington Chess Club"]
[Date "2023.09.15"]
[Round "9.6"]
[White "Malcolm, Aidan"]
[Black "Winsley, Nicholas"]
[Result "0-1"]
[WhiteElo "1831"]
[BlackElo "2061"]

1. f4 d5 2. Nf3 Nf6 3. d3 c5 4. g3 Bf5 5. Bg2 Nc6 6. O-O Qc8 7. Re1 d4 8. Nbd2
Bh3 9. Bh1 e6 10. Nc4 Be7 11. a4 O-O 12. c3 Nd5 13. Qc2 Bf6 14. Bd2 Rd8 15.
Rac1 Qd7 16. Nce5 Bxe5 17. fxe5 Rac8 18. e4 dxe3 19. Bxe3 Nxe3 20. Rxe3 Bf5 21.
Ne1 c4 22. Rd1 cxd3 23. Qd2 Qc7 24. Be4 Nxe5 25. Bxf5 Nc4 26. Qf2 Nxe3 27. Qxe3
exf5 28. Rxd3 Rxd3 29. Nxd3 Qb6 0-1

[Event "Julian Mazur Memorial"]
[Site "Wellington Chess Club"]
[Date "2023.09.15"]
[Round "9.8"]
[White "Benitez, Edgar"]
[Black "Sethuramalingam, Karthik"]
[Result "0-1"]
[WhiteElo "1903"]
[BlackElo "1730"]

1. d4 d5 2. c4 e6 3. Nf3 Nf6 4. Bg5 Be7 5. e3 h6 6. Bh4 O-O 7. Bd3 b6 8. Nbd2
Bb7 9. O-O Nbd7 10. Rc1 c5 11. Re1 cxd4 12. exd4 Rc8 13. a3 a5 14. Bg3 Nh5 15.
Be5 Nxe5 16. Nxe5 Nf4 17. Bf1 dxc4 18. Ndxc4 b5 19. Ne3 Rxc1 20. Qxc1 Qxd4 21.
Nf3 Qb6 22. Ne5 Rc8 23. Qd2 Rd8 24. Qc1 f6 25. g3 fxe5 26. gxf4 exf4 27. Ng2 f3
28. Ne3 Bg5 29. Qc3 Rd4 30. Qb3 b4 31. Bc4 a4 32. Qxa4 Bxe3 33. Qe8+ Kh7 34.
Bxe6 Bxf2+ 35. Kh1 Qxe6 36. Qxe6 Bxe1 37. Qf5+ Kg8 38. Qe6+ Kh8 39. Kg1 f2+ 40.
Kf1 Rg4 41. Qxg4 Ba6+ 42. Qe2 Bxe2+ 43. Kxe2 bxa3 44. bxa3 Kh7 45. a4 Kg6 46.
a5 Bxa5 47. Kxf2 Kg5 48. Kg3 Bc7+ 49. Kg2 Bxh2 0-1

[Event "Julian Mazur Memorial"]
[Site "Wellington Chess Club"]
[Date "2023.09.15"]
[Round "9.9"]
[White "Thirkell, Zachary"]
[Black "Forster, Bill"]
[Result "1-0"]
[WhiteElo "1799"]
[BlackElo "2016"]

1. d4 c5 2. d5 e5 3. e4 d6 4. Bd3 Be7 5. Be3 Bg5 6. Qc1 Bxe3 7. Qxe3 Nf6 8. Nf3
a6 9. a4 Qa5+ 10. Qd2 Qxd2+ 11. Nfxd2 Nbd7 12. Nc4 Ke7 13. Nc3 b6 14. O-O g5
15. Nd1 Rb8 16. Nde3 Nf8 17. c3 Ng6 18. g3 Bh3 19. Rfe1 Nf8 20. b4 N8d7 21. Nd2
a5 22. Bf1 Bxf1 23. Kxf1 Ne8 24. Nf5+ Kd8 25. bxa5 bxa5 26. Nc4 Rb3 27. Ncxd6
Nxd6 28. Nxd6 Ke7 29. Nb5 Nb6 30. Reb1 Rxb1+ 31. Rxb1 Nxa4 32. Ra1 Rb8 33. Na7
1-0

[Event "Julian Mazur Memorial"]
[Site "Wellington Chess Club"]
[Date "2023.09.15"]
[Round "9.10"]
[White "Brockway, Andrew"]
[Black "Stoeveken, Peter"]
[Result "0-1"]
[WhiteElo "1675"]
[BlackElo "1743"]

1. e4 c5 2. Nc3 Nc6 3. f4 e6 4. Nf3 Be7 5. Bb5 Bh4+ 6. g3 Be7 7. Bxc6 bxc6 8.
O-O Nf6 9. d3 d5 10. Qe2 O-O 11. Ne5 Qb6 12. Kh1 Ba6 13. f5 Bd6 14. Ng4 Nd7 15.
f6 Nxf6 16. Rxf6 h5 17. Nh6+ Kh7 18. Qxh5 g6 19. Qh4 Kg7 20. Nxf7 Rxf7 21. Bh6+
Kg8 22. Rxf7 Kxf7 23. Rf1+ Ke8 24. Qf6 Kd7 25. Qf7+ Be7 26. Rf6 Qxb2 27. Qxe6+
Kd8 28. Qg8+ Kc7 29. Bf4+ Kb7 30. Qf7 Qxc3 31. Qxe7+ Kb6 32. Bc7+ Kb5 33. Rf1
Qxc2 34. a4+ Kb4 35. Bd6 Bxd3 36. Qb7+ Kc3 37. Kg1 Bxf1 38. Kxf1 Qd1+ 39. Kg2
Qe2+ 40. Kg1 Rd8 41. e5 Rh8 42. h4 Qf3 43. e6 Qe3+ 44. Kg2 Qxe6 45. Qxc6 Qe2+
46. Kh3 Re8 47. Qxc5+ Kd3 48. Qc1 Qe3 49. Qxe3+ Kxe3 50. Kg2 Re4 51. a5 d4 52.
Bb4 d3 0-1

[Event "Julian Mazur Memorial"]
[Site "Wellington Chess Club"]
[Date "2023.09.15"]
[Round "9.11"]
[White "Keith, Matthew"]
[Black "Coates, Alex"]
[Result "1-0"]
[WhiteElo "1855"]
[BlackElo "1745"]

1. e4 e6 2. d4 d5 3. Nc3 Nf6 4. e5 Nfd7 5. f4 c5 6. Nf3 Nc6 7. Be3 a6 8. Qd2 b5
9. Be2 Qb6 10. O-O cxd4 11. Nxd4 Bc5 12. Rad1 Bxd4 13. Bxd4 Nxd4 14. Qxd4 Qxd4+
15. Rxd4 Ke7 16. Bf3 Nb6 17. b3 Bd7 18. Ne2 Rac8 19. c3 a5 20. Rd2 Rc7 21. Rc2
b4 22. Rfc1 Rhc8 23. Kf2 Bb5 24. Ke3 Bxe2 25. Bxe2 f6 26. exf6+ gxf6 27. Kd2
Kd6 28. cxb4 Rxc2+ 29. Rxc2 Rxc2+ 30. Kxc2 axb4 31. Kd3 Nd7 32. g4 Nc5+ 33. Ke3
Ne4 34. Bd3 f5 35. g5 e5 36. h4 Ke6 37. h5 Ng3 38. Ba6 d4+ 39. Kd3 Ne4 40. Bc8+
Kd5 41. Bxf5 Ng3 42. g6 1-0

[Event "Julian Mazur Memorial"]
[Site "Wellington Chess Club"]
[Date "2023.09.15"]
[Round "9.12"]
[White "Marney, John"]
[Black "Saglam, Azra Sena"]
[Result "1-0"]
[WhiteElo "1658"]
[BlackElo "1546"]

1. e4 c5 2. Nf3 e6 3. d4 cxd4 4. Nxd4 Nf6 5. Nc3 d6 6. Be3 Nc6 7. f3 Be7 8. Qd2
a6 9. O-O-O Bd7 10. g4 b5 11. Kb1 b4 12. Nxc6 Bxc6 13. Ne2 d5 14. Nd4 Bb7 15.
e5 Nd7 16. f4 Nb6 17. f5 Nc4 18. Bxc4 dxc4 19. Rhf1 exf5 20. gxf5 O-O 21. f6
Bc5 22. Qf2 Bxd4 23. Rxd4 Qc7 24. Qg3 g6 25. h4 Rfe8 26. Bf4 Qc5 27. Qg5 Kh8
28. Rd7 Bd5 29. e6 1-0

[Event "Julian Mazur Memorial"]
[Site "Wellington Chess Club"]
[Date "2023.09.15"]
[Round "9.13"]
[White "Ulm, Joy"]
[Black "Tanoi, Edward"]
[Result "0-1"]
[WhiteElo "1664"]
[BlackElo "1934"]

1. d4 g6 2. c4 Bg7 3. Nc3 c5 4. d5 d6 5. e4 e6 6. Bd3 exd5 7. cxd5 a6 8. a4 Nf6
9. f4 O-O 10. Nf3 Bg4 11. O-O Nbd7 12. Qe1 Bxf3 13. Rxf3 Re8 14. Qh4 Qc7 15.
Bd2 c4 16. Bc2 Qb6+ 17. Qf2 Qxb2 18. Ra2 Qb6 19. Qxb6 Nxb6 20. Rb2 Nbd7 21.
Rxb7 Nc5 22. Rb6 Nfxe4 23. Nxe4 Nxe4 24. Bxe4 Bd4+ 25. Kf1 Bxb6 26. Bc2 Bd4 27.
Bb4 Rab8 28. Bc3 Bxc3 29. Rxc3 Rbc8 30. Kf2 Rc5 31. Kf3 Rxd5 32. Rxc4 Rc5 33.
Bd3 Rxc4 34. Bxc4 a5 35. Bb5 Re7 36. Bc6 Kg7 37. Bb5 Kf6 38. Bd3 d5 39. Bb5 d4
40. Bd3 Re3+ 0-1

[Event "Julian Mazur Memorial"]
[Site "Wellington Chess Club"]
[Date "2023.09.15"]
[Round "9.15"]
[White "Sova, Leo"]
[Black "Lavender, Ariel"]
[Result "1/2-1/2"]
[WhiteElo "1645"]
[BlackElo "1603"]

1. e4 c5 2. c3 Nf6 3. e5 Nd5 4. d4 cxd4 5. cxd4 e6 6. Nf3 Nc6 7. Nc3 Bb4 8. Bd2
Nb6 9. a3 Be7 10. Bd3 d6 11. Be4 O-O 12. Qc2 h6 13. O-O Bd7 14. Bf4 dxe5 15.
dxe5 a6 16. Rfd1 Qc7 17. Qd2 Rfd8 18. Qe2 Bf8 19. Bxc6 Bxc6 20. Nd4 Nd5 21. Bg3
b5 22. Nxc6 Qxc6 23. Nxd5 Rxd5 24. Rac1 Rxd1+ 25. Qxd1 Qb6 26. b4 Rd8 27. Qf3
Rd5 28. Rd1 Rxd1+ 29. Qxd1 a5 30. Qd2 axb4 31. axb4 Qc7 32. f4 Qc4 33. Be1 Be7
34. g3 Kh7 35. Qc3 Qxc3 36. Bxc3 Kg6 37. Kf2 Kf5 38. Kf3 f6 39. g4+ Kg6 40. h4
fxe5 41. h5+ Kf7 42. fxe5 g6 43. Bd2 g5 44. Ke4 Ke8 45. Kd4 Kf7 46. Kc3 Ke8 47.
Be3 Kd7 48. Bc5 Bxc5 49. bxc5 Kc7 50. Kb3 Kb7 1/2-1/2

[Event "Julian Mazur Memorial"]
[Site "Wellington Chess Club"]
[Date "2023.09.15"]
[Round "9.16"]
[White "Tan, Jin"]
[Black "Grant, Elliot"]
[Result "1-0"]
[WhiteElo "1236"]
[BlackElo "1200"]

1. e4 c5 2. Nf3 Nc6 3. Bb5 g6 4. O-O Bg7 5. Bxc6 bxc6 6. d3 d5 7. h3 Nf6 8.
Nbd2 O-O 9. Re1 Qc7 10. Nb3 c4 11. dxc4 dxe4 12. Nfd2 Rd8 13. Qe2 Bf5 14. g4
Be6 15. Nxe4 Nxe4 16. Qxe4 Rd7 17. Bf4 Qb6 18. c3 f5 19. Qxe6+ Kf8 20. Qxd7 Re8
21. Bd6 Bf6 22. Re6 Bh4 23. c5 Qd8 24. Qxd8 Rxd8 25. Bf4 Rd3 26. Kg2 g5 27. Bg3
Bxg3 28. fxg3 f4 29. Rf1 Rxg3+ 30. Kh2 Kf7 31. Rxc6 e5 32. Re1 h5 33. Rxe5 hxg4
34. Rxg5 Rxh3+ 35. Kg2 Rg3+ 36. Kf2 Rf3+ 37. Ke2 Re3+ 38. Kd2 a5 39. Rxg4 Ke7
40. Rxf4 Kd7 41. Rd6+ Kc7 42. Kxe3 a4 43. Rf7+ Kc8 44. Rg6 axb3 45. Rg8# 1-0

[Event "Julian Mazur Memorial"]
[Site "Wellington Chess Club"]
[Date "2023.09.15"]
[Round "9.17"]
[White "Pollock, Gavin"]
[Black "Osborne, Geoff"]
[Result "1-0"]
[WhiteElo "1825"]
[BlackElo "1434"]

1. e4 e5 2. Nf3 Nc6 3. Bb5 Nf6 4. O-O Nxe4 5. Re1 Nd6 6. Nxe5 Be7 7. Ba4 O-O 8.
d4 Nf5 9. c3 Bd6 10. f4 Bxe5 11. fxe5 Rb8 12. Nd2 b5 13. Bc2 d6 14. exd6 Qxd6
15. Ne4 Qg6 16. Qf3 Nce7 17. Ng5 Bb7 18. Qf2 Rfe8 19. a4 h6 20. Ne4 a6 21. Nc5
Bc8 22. Re3 Qf6 23. Rf3 h5 24. Ne4 Qe6 25. Ng5 Qf6 26. Bd2 g6 27. Re1 Bb7 28.
Ne4 Qg7 29. Bg5 Kf8 30. Bf6 Qh7 31. Ng5 Qg8 32. Rxf5 gxf5 33. Bxf5 Nd5 34.
Rxe8+ Rxe8 35. Nh7+ Qxh7 36. Bxh7 Nxf6 37. Qxf6 Re6 38. Qf4 Ke7 39. Qxc7+ 1-0

[Event "Julian Mazur Memorial"]
[Site "Wellington Chess Club"]
[Date "2023.09.15"]
[Round "9.18"]
[White "Ulm, Eric"]
[Black "Evans, Oliver"]
[Result "0-1"]
[WhiteElo "1433"]
[BlackElo "1571"]

1. e4 e5 2. Nf3 Nc6 3. Bb5 a6 4. Ba4 d6 5. Bxc6+ bxc6 6. d4 exd4 7. Nxd4 Ne7 8.
O-O Bb7 9. Nc3 c5 10. Nf3 d5 11. exd5 Nxd5 12. Re1+ Be7 13. Nxd5 Bxd5 14. Qe2
Bxf3 15. Qxf3 O-O 16. Be3 Bd6 17. Qg4 Rb8 18. b3 Rb4 19. c4 Qf6 20. Rab1 Rfb8
21. Red1 h6 22. Rd5 Qe6 23. Qxe6 fxe6 24. Rd3 Rxc4 25. Rc1 Rxc1+ 26. Bxc1 c4
27. Rc3 Rd8 28. g3 cxb3 29. Rxb3 Bxg3 30. hxg3 Rd1+ 31. Kg2 Rxc1 32. Rb7 Rc2
33. a4 Kf7 34. Ra7 Rc6 35. a5 Ke7 36. g4 g5 37. Kg3 e5 38. f3 Kd7 39. Ra8 Re6
40. Rb8 c5 41. Rb7+ Kd6 42. Rb6+ Kd5 43. Rxe6 Kxe6 44. Kf2 Kd5 0-1

[Event "Julian Mazur Memorial"]
[Site "Wellington Chess Club"]
[Date "2023.09.15"]
[Round "9.19"]
[White "Farrington, Lawrence"]
[Black "Joseph, Joji Chacko"]
[Result "0-1"]
[WhiteElo "1506"]
[BlackElo "1305"]

1. d4 Nf6 2. c4 g6 3. Nc3 Bg7 4. e4 d6 5. h3 O-O 6. Nf3 Nbd7 7. Be3 e5 8. d5
Nc5 9. Bxc5 dxc5 10. Bd3 Re8 11. O-O Nh5 12. Ne2 f5 13. Nd2 Qg5 14. Nf3 Qf6 15.
Qd2 Nf4 16. Nxf4 exf4 17. e5 Qe7 18. Rfe1 g5 19. Qc2 g4 20. hxg4 fxg4 21. Nd2
Qh4 22. Ne4 g3 23. Kf1 Bg4 24. f3 Qh1+ 25. Ke2 Qxg2+ 26. Kd1 Bxf3+ 27. Kc1
Qxc2+ 28. Kxc2 Bxe4 29. Bxe4 Rxe5 30. Re2 Rae8 31. Rae1 h5 32. Kd3 h4 33. Bg2
Rxe2 34. Rxe2 Rxe2 35. Kxe2 Bxb2 36. Kf3 Be5 37. Kg4 Bd6 38. Kxh4 Kf7 39. Kg5
b5 40. cxb5 c4 41. Kg4 c3 42. Be4 g2 0-1

[Event "Julian Mazur Memorial"]
[Site "Wellington Chess Club"]
[Date "2023.09.15"]
[Round "9.20"]
[White "Ashe, Michael"]
[Black "Asher, Bruce"]
[Result "1-0"]
[WhiteElo "1707"]
[BlackElo "1206"]

1. d4 d5 2. c4 Nf6 3. cxd5 e6 4. dxe6 Bxe6 5. Bg5 Be7 6. e3 Nc6 7. Nc3 Bb4 8.
a3 Bxc3+ 9. bxc3 Qd5 10. Bxf6 gxf6 11. c4 Qa5+ 12. Qd2 Qxd2+ 13. Kxd2 Na5 14.
Kc3 O-O-O 15. Bd3 h5 16. Ne2 a6 17. Rab1 Bd7 18. Rb4 Rhg8 19. g3 Rg5 20. Rhb1
c5 21. Rb6 Bc6 22. d5 Bxd5 23. cxd5 Rgxd5 24. Nf4 Re5 25. Rxf6 b5 26. Rxa6 b4+
27. axb4 cxb4+ 28. Kxb4 Nb7 29. Ra8+ Kc7 30. Rxd8 Nxd8 31. Rc1+ Kb6 32. Kc3
Rc5+ 33. Kd2 Ra5 34. h4 Nc6 35. Be4 Ne5 36. Nxh5 Ra2+ 37. Ke1 Ra5 38. Nf4 Ra4
39. Bg2 Ka5 40. Rc5+ Kb4 41. Rxe5 Ra1+ 42. Ke2 Kc3 43. h5 Ra2+ 44. Kf3 f6 45.
Re6 Kd2 46. Rxf6 Ke1 47. Nh3 Ra8 48. g4 Rh8 49. h6 Kd2 50. g5 Kc3 51. Rf7 Kc4
52. Kf4 Kc5 53. Kf5 Kd6 54. Kf6 1-0

[Event "Wellington Club Championship - A Grade"]
[Site "Wellington Chess Club"]
[Date "2023.09.28"]
[Round "1.1"]
[White "Winsley, Nicholas"]
[Black "Timergazi, Layla"]
[Result "0-1"]
[WhiteElo "2061"]
[BlackElo "2137"]

1. e4 c6 2. d4 d5 3. Nc3 dxe4 4. Nxe4 Bf5 5. Ng3 Bg6 6. Nf3 Nd7 7. h4 h6 8. h5
Bh7 9. Bd3 Bxd3 10. Qxd3 e6 11. Bf4 Ngf6 12. c3 Be7 13. O-O-O Qa5 14. Kb1 O-O
15. Ne4 Nxe4 16. Qxe4 Nf6 17. Qe2 Qf5+ 0-1

[Event "Wellington Club Championship - A Grade"]
[Site "Wellington Chess Club"]
[Date "2023.09.28"]
[Round "1.2"]
[White "Langford, Josh"]
[Black "van der Hoorn, Thomas"]
[Result "0-1"]
[WhiteElo "2137"]
[BlackElo "2138"]

1. e4 c6 2. d4 d5 3. e5 Bf5 4. h4 h5 5. Bd3 Bxd3 6. Qxd3 e6 7. Nf3 Qa5+ 8. Nbd2
Qa6 9. c4 Ne7 10. O-O Nd7 11. b3 Nf5 12. a4 c5 13. Qb1 dxc4 14. d5 c3 15. Nc4
Nd4 16. d6 Qc6 17. Qd3 Nxf3+ 18. gxf3 g6 19. Bg5 Bg7 20. Qxc3 O-O 21. Rfe1 b6
22. Rad1 a6 23. Be7 Rfc8 24. Nd2 b5 25. a5 c4 26. b4 Re8 27. f4 Bf8 28. Bg5 Bg7
29. Ne4 Ra7 30. Kh2 Kh7 31. Qd4 Raa8 32. Re3 Rac8 33. Rg3 Rg8 34. Rdg1 Rge8 35.
Be7 Bh6 36. Ng5+ Bxg5 37. Rxg5 c3 38. Qd3 Rg8 39. Rxh5+ Kg7 40. Rhg5 Kh6 41. h5
Qc4 42. Rxg6+ fxg6 43. Rxg6+ Kxh5 44. Qg3 Qxf4 45. Qxf4 Kxg6 46. Qg4+ Kf7 47.
Qh5+ Rg6 48. Qh7+ Rg7 49. Qh5+ Kg8 50. Bg5 c2 51. Qg4 Rg6 52. Qh5 Kg7 53. Bf6+
Nxf6 54. exf6+ Rxf6 55. Qg5+ Kf7 56. Qh5+ Kg7 57. Qg5+ Rg6 58. Qe7+ Kh8 59.
Qh4+ Kg8 60. Qh5 Kg7 61. Qe5+ 0-1

[Event "Wellington Club Championship - A Grade"]
[Site "Wellington Chess Club"]
[Date "2023.09.28"]
[Round "1.3"]
[White "Young, Cohen"]
[Black "Archer, Ollie"]
[Result "1/2-1/2"]
[WhiteElo "2099"]
[BlackElo "2158"]

1. e4 c6 2. Nc3 d5 3. Nf3 Nf6 4. e5 Nfd7 5. d4 e6 6. Ne2 c5 7. c3 Nc6 8. Be3
cxd4 9. cxd4 f6 10. Nf4 Bb4+ 11. Nd2 Ndxe5 12. dxe5 d4 13. exf6 (13. Qh5+ Kf8
14. O-O-O dxe3 15. Nc4) 13... dxe3 14. fxe3 Qxd2+ 15. Qxd2 Bxd2+ 16. Kxd2 gxf6
17. Bc4 Ke7 18. Rad1 Ne5 19. Bb3 Bd7 20. h3 Rhd8 21. Ke2 Bb5+ 22. Kf2 Nd3+ 23.
Nxd3 Bxd3 24. Rd2 Be4 25. Rxd8 Rxd8 26. Rd1 Rg8 27. g4 Bc6 28. Kg3 (28. Rd2 a5
29. a3) 28... h5 29. Rd2 hxg4 30. hxg4 a5 31. a3 Rh8 32. Bd1 Rh1 33. Bf3 Bxf3
34. Kxf3 Rh3+ 35. Ke4 e5 36. Rg2 Ke6 37. Kd3 Kd5 38. g5 fxg5 {Draw agreed}
1/2-1/2

[Event "Wellington Club Championship - A Grade"]
[Site "Wellington Chess Club"]
[Date "2023.09.28"]
[Round "1.4"]
[White "Croad, Nicolas"]
[Black "Winter, Ryan"]
[Result "1/2-1/2"]
[WhiteElo "2423"]
[BlackElo "2256"]

1. d4 Nf6 2. c4 e6 3. Nc3 d5 4. Nf3 Be7 5. Bf4 O-O 6. e3 c6 7. h3 Nbd7 8. c5
Ne4 9. Nxe4 dxe4 10. Nd2 f5 11. Nc4 Bf6 12. Be2 Kh8 13. O-O Qe8 14. Nd6 Qe7 15.
Bc4 g6 16. Qb3 e5 17. dxe5 Nxe5 18. Bxe5 Bxe5 19. Rfd1 b5 20. Nf7+ Kg7 21. Nxe5
Qxe5 22. Be2 Be6 23. Qc3 Qxc3 24. bxc3 Rfd8 25. Rxd8 Rxd8 26. a4 a6 27. axb5
axb5 28. Ra7+ Rd7 29. Ra6 Bd5 30. g4 fxg4 31. Bxg4 Rb7 32. Kg2 Kf6 33. Kg3 Ke5
34. h4 Rc7 35. Ra8 Bc4 36. Rd8 Bd5 37. Re8+ Kf6 38. Ra8 Ke5 39. Bh3 Bc4 40. Rd8
Ra7 41. Rd6 Bd5 42. Bd7 Ra3 43. Bxc6 Bxc6 44. Rxc6 Rxc3 45. Rc7 b4 46. Rb7 Rxc5
47. Rxb4 Rc7 48. Rb5+ Ke6 49. h5 gxh5 50. Rxh5 Rf7 1/2-1/2

[Event "Wellington Club Championship - A Grade"]
[Site "Wellington Chess Club"]
[Date "2023.10.05"]
[Round "2.1"]
[White "Croad, Nicolas"]
[Black "Winsley, Nicholas"]
[Result "0-1"]
[WhiteElo "2423"]
[BlackElo "2061"]

1. e4 e5 2. Nf3 Nf6 3. Nxe5 d6 4. Nf3 Nxe4 5. d4 d5 6. Bd3 Nc6 7. O-O Be7 8. c4
Nb4 9. Be2 dxc4 10. Bxc4 c6 11. Re1 Nf6 12. Qe2 O-O 13. Qxe7 Qxe7 14. Rxe7 Nc2
15. Nc3 Nxa1 16. Bg5 Nc2 17. a3 Bg4 18. Ne5 Be6 19. Bxf6 gxf6 20. Bxe6 fxe5 21.
Bc4 b5 22. Bd3 Nxd4 23. Rxe5 f5 24. Kf1 Rae8 25. Rc5 Nb3 0-1

[Event "Wellington Club Championship - A Grade"]
[Site "Wellington Chess Club"]
[Date "2023.10.05"]
[Round "2.2"]
[White "Ker, Anthony"]
[Black "Young, Cohen"]
[Result "1-0"]
[WhiteElo "2399"]
[BlackElo "2099"]

1. e4 c5 2. Nc3 Nc6 3. Bb5 Nd4 4. Nf3 e6 5. O-O a6 6. Bd3 Nc6 7. Nd5 Bd6 8. Ne3
Nge7 9. c3 Bc7 10. Bc2 d5 11. exd5 Nxd5 12. d4 cxd4 13. Nxd4 Qd6 14. g3 Nxd4
15. Qxd4 Nf6 16. Qxd6 Bxd6 17. Nc4 Bc7 18. Be3 Nd5 19. Bc5 b6 20. Nd6+ Bxd6 21.
Bxd6 Bb7 22. c4 Ne7 23. Rfd1 Rc8 24. Ba4+ Bc6 25. Bb3 Nf5 26. Ba3 Rd8 27. Rxd8+
Kxd8 28. Rd1+ Kc7 29. f4 Rd8 30. Rxd8 Kxd8 31. Kf2 Nd4 32. Bd1 Kd7 33. b4 g6
34. Bb2 Nf5 35. a4 Nd6 36. Bb3 Bb7 37. Ke3 Nf5+ 38. Kd3 Bg2 39. Bd1 Nd6 40. Be2
Nb7 41. Be5 a5 42. Kc3 axb4+ 43. Kxb4 Kc6 44. Bd4 Be4 45. Bd1 Bg2 46. Bc2 Bf3
47. Bd3 Bg2 48. g4 f5 49. gxf5 exf5 50. Be2 Be4 51. h4 Bg2 52. Be3 Be4 53. Kc3
Nc5 54. Bd1 Bg2 55. Bc1 Be4 56. Kd4 Nd7 57. Ba3 Bg2 58. Bb4 Kb7 59. c5 Bc6 60.
Bb3 Kc7 61. cxb6+ Kxb6 62. a5+ Kb5 63. Bc3 Be4 64. Bc4+ Kc6 65. Bb4 Nf6 66. Ke5
Ng4+ 67. Ke6 Ne3 68. Bb3 Ng2 69. Ke5 Kb5 70. Be7 Kxa5 71. Bg8 Bc6 72. Bxh7 Be8
73. Bg5 Kb5 74. Kf6 1-0

[Event "Wellington Club Championship - A Grade"]
[Site "Wellington Chess Club"]
[Date "2023.10.05"]
[Round "2.3"]
[White "Dive, Russell"]
[Black "Langford, Josh"]
[Result "1-0"]
[WhiteElo "2327"]
[BlackElo "2137"]

1. Nf3 d5 2. g3 Nc6 3. d4 e6 4. Bg2 Nf6 5. O-O Bd6 6. Bf4 O-O 7. e3 Bxf4 8.
gxf4 Ne7 9. Nbd2 Nf5 10. c4 Qe7 11. Qc2 Rd8 12. Rfc1 c6 13. Ne5 h6 14. Rab1 a5
15. Bf1 g5 16. fxg5 hxg5 17. Bd3 Nh6 18. Qd1 Kg7 19. Kh1 Rh8 20. Qf3 g4 21. Qg2
Bd7 22. e4 Rag8 23. Re1 Kf8 24. Rbc1 Nh5 25. Nf1 Ke8 26. cxd5 Nf4 27. Qg3 Qg5
28. dxe6 Bxe6 29. d5 cxd5 30. exd5 Bxd5+ 31. Be4 Be6 32. Bxb7 Ne2 33. Qa3 Qxe5
34. Bc6+ Bd7 35. Bxd7+ Kxd7 36. Qd3+ Qd6 37. Qxe2 Qd5+ 38. Kg1 Nf5 39. Ne3 g3
40. Nxd5 gxh2+ 41. Kh1 1-0

[Event "Wellington Club Championship - A Grade"]
[Site "Wellington Chess Club"]
[Date "2023.10.05"]
[Round "2.4"]
[White "Winter, Ryan"]
[Black "Timergazi, Layla"]
[Result "0-1"]
[WhiteElo "2256"]
[BlackElo "2137"]

1. e4 c6 2. d4 d5 3. e5 Bf5 4. h4 h5 5. Bd3 Bxd3 6. Qxd3 e6 7. Bg5 Qb6 8. Nd2
c5 9. c4 Qxb2 10. Rd1 Nc6 11. cxd5 Qxd4 12. Qb3 Qxd5 13. Qxb7 Rb8 14. Qa6 Nxe5
15. Ndf3 Qe4+ 16. Ne2 Nxf3+ 17. gxf3 Qb4+ 18. Kf1 Ne7 19. Kg2 Qb7 20. Qd3 Qc6
21. Nc3 f6 22. Bf4 Rb4 23. Be3 Rg4+ 24. Kf1 Qxf3 25. Rh2 Kf7 26. Qd7 Qc6 27.
Qxa7 Kg6 28. Qxc5 Qxc5 29. Bxc5 Rc4 30. Bxe7 Bxe7 31. Rh3 Rhc8 32. Ne2 e5 33.
Rd7 R8c7 34. Rxc7 Rxc7 35. f4 e4 36. Rg3+ Kf7 37. Ke1 Bd6 38. Rb3 Ra7 39. Rb6
Bc5 40. Rb5 Bd6 41. Rxh5 Rxa2 42. Rb5 e3 43. Kf1 Bxf4 44. h5 Bg5 45. Rb7+ Kg8
46. Rd7 Ra1+ 47. Kg2 Re1 48. Ng3 Bf4 49. Nf5 Re2+ 50. Kf1 Rf2+ 51. Ke1 Bg5 52.
Rd5 Rh2 53. Rb5 Rxh5 54. Ke2 Rh2+ 55. Kd3 Rd2+ 0-1

[Event "Wellington Club Championship - A Grade"]
[Site "Wellington Chess Club"]
[Date "2023.10.12"]
[Round "3.1"]
[White "Winsley, Nicholas"]
[Black "van der Hoorn, Thomas"]
[Result "0-1"]
[WhiteElo "2061"]
[BlackElo "2138"]

1. e4 c5 2. Nf3 Nc6 3. d4 cxd4 4. Nxd4 e5 5. Nb5 d6 6. Bc4 Be6 7. Bd5 Bxd5 8.
exd5 Nb8 9. c4 Nd7 10. O-O Ngf6 11. Qe2 Be7 12. f4 a6 13. fxe5 Nxe5 14. Nd4 Qb6
15. Be3 Neg4 16. Rxf6 Bxf6 17. Qxg4 Qxb2 18. Nb3 Qc2 19. Bd4 Qxc4 20. N1d2
Bxd4+ 21. Nxd4 Qxd5 22. Qxg7 O-O-O 23. N2f3 Kb8 24. a4 h5 25. Qg5 Qc4 26. Qc1
Qc5 27. Qb2 Rc8 28. Kh1 Rhe8 29. Rb1 Rc7 30. h3 Re4 31. Rd1 Qc4 32. Nf5 Qc2 33.
Qxc2 Rxc2 34. N3d4 Rc4 35. a5 Ra4 36. Nb3 Reb4 37. Nfd4 Ra3 38. Nc2 Raxb3 39.
Nxb4 Rxb4 40. Rxd6 Rb5 41. Rd7 Rxa5 42. Rxf7 Re5 43. Kh2 a5 44. g4 a4 45. Rf3
b5 46. Kg3 hxg4 47. Kxg4 Kb7 48. h4 Kb6 49. h5 b4 50. Rf8 a3 51. Rb8+ Kc5 52.
h6 Re7 53. Ra8 Kc4 54. Kf5 0-1

[Event "Wellington Club Championship - A Grade"]
[Site "Wellington Chess Club"]
[Date "2023.10.12"]
[Round "3.3"]
[White "Langford, Josh"]
[Black "Winter, Ryan"]
[Result "0-1"]
[WhiteElo "2137"]
[BlackElo "2256"]

1. e4 c5 2. Nf3 e6 3. d4 cxd4 4. Nxd4 Nc6 5. Nc3 Qc7 6. g3 a6 7. Bg2 Be7 8. O-O
d6 9. Nxc6 bxc6 10. Re1 Bb7 11. Bf4 e5 12. Be3 Nf6 13. Qd3 O-O 14. Rad1 Rfd8
15. Na4 Nd7 16. c4 a5 17. b3 c5 18. Nc3 Nb8 19. Nd5 Bxd5 20. exd5 a4 21. h4 Nd7
22. h5 h6 23. Bf3 Rdb8 24. Rb1 axb3 25. axb3 Ra3 26. Bc1 Ra2 27. Be3 Nf6 28.
Kh2 Qd7 29. Kg2 Qc8 30. Re2 e4 31. Bxe4 Rxe2 32. Qxe2 Nxe4 33. Bxh6 gxh6 34.
Qxe4 Qd7 35. Re1 Re8 36. Qe3 Kg7 37. Re2 Qf5 0-1